Xenoblade Chronicles 2 - Characters - Statistics

General Stats
  • This quiz has been taken 74 times
  • The average score is 52 of 86
Answer Stats
Hint Character % Correct
Aegis Pyra/Mythra
100%
Young Salvager Rex
100%
Leader of Torna Jin
98%
Torna's second-in-command Malos
98%
Gormotti, former member of Torna Nia
98%
Wise Titan Azurda/Gramps
96%
Artificial blade Poppi
96%
Nopon gifted in mechanic Tora
96%
"Bringer of Chaos" Zeke von Genbu
96%
Jewel of the Empire Brighid
94%
Special Inquisitor of Mor Ardain Mòrag Ladair
94%
Torna's brains Akhos
92%
Her blade Dromarch
92%
Praetor of Indol Amalthus
90%
His blade Pandoria
90%
His blade Roc
90%
Member of Torna Mikhail
88%
Leader of the Garfont Mercenaries Vandham
88%
Chairman of the Argentum Trade Guild Bana
86%
Goddess of the Praetorium Fan la Norne/Haze
86%
His sister Patroka
86%
Creator of Alrest The Architect
82%
Leader of the Fonsa Myma's Theatre Troupe Cole/Minoth
78%
Emperor of Mor Ardain Niall Ardanach
76%
His blade Obrona
74%
Other artificial blade Lila
72%
His blade Aegaeon
70%
His blade Sever
70%
Mythra's Artifice Sirene
70%
Former driver of the Aegis Addam Origo
68%
Driver of the Paragon of Torna Lora
68%
Tora's grandfather Soosoo
66%
Her other artifice, controlled by the Omega Fetter Ophion
64%
Former Emperor of Mor Ardain Hugo
62%
Light blade, comes from Xenosaga Kos-Mos
62%
Earth blade, can speak to Phonexes Nim
60%
Rex's Aunt Corinne
58%
Young Gormotti who follows them Milton
58%
Tora's father Tatazo
58%
Earth blade, would like to be less scary Wulfric
58%
His former assistant Muimui
56%
Ice blade, likes to sing even if she is shy Ursula
56%
Electric blade, likes to talk Kora
54%
Dark blade, comes from Xenosaga T-elos
54%
Earth Blade, likes minerals Agate
52%
Electric blade, doesn't really master her powers Electra
52%
Her blade Perdido
52%
Water blade, former thief Praxis
52%
Ice blade, former thief Theory
52%
Ice blade, fights for justice Godfrey
50%
Wind blade, gourmand Boreas
48%
His blade Cressidus
48%
Fire blade, Pyra's fan Crossette
48%
Ice blade, fights for justice too Perun
48%
Electric blade, former blade of a man named Mabon Vess
48%
Wind blade, likes fighting powerful ennemies Zenobia
48%
Wind blade, avid for knowledge Adenine
46%
Consul of Gormott Dughall
46%
Wind blade, loses her memory Finch
46%
Earth blade, protects nature Floren
46%
Water blade, likes surround herself with young girls Sheba
46%
Garfont Mercenary Yew
46%
Ice blade, ice sculptor Dahlia
44%
Fire blade, loves the ardainian army Newt
44%
Garfont Mercenary Zuo
44%
Light blade, quite conceited Corvin
42%
Fire blade, king of a lost kingdom Dagas
42%
Water blade, likes cooking cakes Gorg
42%
Light blade, robot build by Soosoo Poppibuster
42%
Electric blade, has a tremendous power Herald
40%
Dark blade, unlucky Kasandra
40%
Dark blade, quite possessive Azami
38%
His granddaughter Iona
38%
Dark blade, fights criminals Perceval
38%
Dark blade, goth Vale
38%
Mercenary called "Bluefist" Gort
36%
Leader of Argentum's Intelligence Division Niranira
36%
Nopon, builder of ships Umon
36%
Captain of the Torigoth Watch Padraig
34%
Queen of Uraya Raqura
32%
King of Tantal Eulogimenos Tantal
30%
Brother of the Tornan King, and first in line to the throne Zettar
30%
Former Praetor of Indol Rhadallis
18%
Ardainian Senator Roderich
18%
Lindwurm's Leader Don Dondon
14%
Chief of Argentum's Salvagers Pupunin
14%
No matching quizzes found
Score Distribution
Percent of People with Each Score
Percentile by Number Answered
Your Score History
You have not taken this quiz